| 000 | 00392nam a22001697a 4500 | ||
|---|---|---|---|
| 003 | NUST | ||
| 020 | _a81-7409-100-9 | ||
| 038 | _aKhadija | ||
| 082 |
_a697 _bBAN |
||
| 100 |
_aBanga, T.R. _986944 |
||
| 245 |
_aMechanical Estimating and Costing / _cT.R.Banga |
||
| 260 |
_aNew Delhi : _bKhanna , _c2010. |
||
| 300 | _a633 p. ; | ||
| 500 | _aPaperback. | ||
| 563 | _aPB | ||
| 942 |
_cBK _2ddc |
||
| 999 |
_c33461 _d33461 |
||